Los cuartetos de cuerda de Beethoven (Record no. 131060)

MARC details
000 -LEADER
campo de control de longitud fija 00958nam a2200253 i 4500
001 - NÚMERO DE CONTROL
campo de control 131060
003 - IDENTIFICADOR DE NÚMERO DE CONTROL
campo de control ES-MaACL
005 - FECHA Y HORA DE LA ÚLTIMA TRANSACCIÓN
campo de control 20260113112522.0
007 - CAMPO FIJO DE DESCRIPCIÓN FÍSICA--INFORMACIÓN GENERAL
campo de control de longitud fija t|
008 - DATOS DE LONGITUD FIJA--INFORMACIÓN GENERAL
campo de control de longitud fija 070214s1909 sp r ||||1| spa d
100 1# - ENTRADA PRINCIPAL--NOMBRE DE PERSONA
Nombre de persona Roda, Cecilio de,
Fechas asociadas al nombre 1865-1912
9 (RLIN) 227158
245 14 - MENCIÓN DEL TÍTULO
Título Los cuartetos de cuerda de Beethoven
Resto del título : notas para su audición en la Sociedad Filarmónica Madrileña /
Mención de responsabilidad, etc. Cecilio de Roda.
260 ## - PUBLICACIÓN, DISTRIBUCIÓN, ETC.
Lugar de publicación, distribución, etc. Madrid :
Nombre del editor, distribuidor, etc. A.M. Crespo,
Fecha de publicación, distribución, etc. 1909.
300 ## - DESCRIPCIÓN FÍSICA
Extensión VII, 110 p. :
Otras características físicas mus. ;
Dimensiones 21 cm.
530 ## - NOTA DISPONIBLE DE FORMULARIO FÍSICO ADICIONAL
Nota de formato físico adicional disponible Disponible en formato digital.
597 ## - NOTA DE DESCRIPCIÓN FÍSICA
NOTA DE DESCRIPCIÓN FÍSICA Música notada intercalada en el texto.
600 17 - PUNTO DE ACCESO ADICIONAL DE MATERIA--NOMBRE DE PERSONA
Nombre de persona Beethoven, Ludwig van,
Fechas asociadas al nombre 1770-1827
Fuente del encabezamiento o término embne
9 (RLIN) 240507
710 2# - ENTRADA AGREGADA--NOMBRE DE ENTIDAD CORPORATIVA
Nombre de entidad corporativa o nombre de jurisdicción como elemento de entrada Sociedad Filarmónica de Madrid.
9 (RLIN) 158107
852 4# - LOCALIZACIÓN
Ubicación ES-MaACL
Número de control de estantería L-4905 (12-7)
Ubicación en estantería Depósito 2
852 4# - LOCALIZACIÓN
Ubicación ES-MaACL
Número de control de estantería F-11561
Ubicación en estantería Sala Pecera Planta 2
856 4# - LOCALIZACIÓN Y ACCESO ELECTRÓNICOS
Identificador Uniforme de Recursos <a href="http://bdh-rd.bne.es/viewer.vm?id=0000124578&page=1 ">http://bdh-rd.bne.es/viewer.vm?id=0000124578&page=1 </a>
Texto de enlace (Biblioteca Digital Hispánica)
942 ## - ELEMENTOS DE ENTRADA SECUNDARIOS (KOHA)
Fuente del sistema de clasificación o colocación Clasificación decimal universal
Holdings
Estatus retirado Estado de pérdida Fuente del sistema de clasificación o colocación Estado de daño No para préstamo Colección Biblioteca de origen Biblioteca actual Ubicación en estantería Fecha de adquisición Total de préstamos Signatura topográfica completa Código de barras Visto por última vez Precio de reemplazo Tipo de ítem Koha Fuente de adquisición
    Clasificación decimal universal     Música impresa Biblioteca del Ateneo de Madrid Biblioteca del Ateneo de Madrid Sala Pecera Planta 2 17/01/2008   F-11561 1136449 23/02/2023 23/02/2023 Libro impreso  
          Colección digital Biblioteca del Ateneo de Madrid Biblioteca del Ateneo de Madrid Depósito 2 17/01/2008   L-4905 (12-7) 1136448 23/02/2023 23/02/2023 Libro impreso